000 00379nam a2200145Ia 4500
008 210716s1991 xx 000 0 und d
041 _aeng
082 _a004.21 AWAE
100 _aAwad, Elias M.
245 _aSystems analysis and design.
250 _a1
260 _aNew Delhi
_bGalgotia Publication Pvt Ltd
_c1991
300 _axiv,524
650 _aSystem Analysis & Design
999 _c182201
_d182201